"Yo soy aquel que ayer no más decía" : (Registro nro. 32993)
[ vista simple ]
| 000 -LEADER | |
|---|---|
| campo de control de longitud fija | 01877nam a2200445 i 4500 |
| 001 - NÚMERO DE CONTROL | |
| campo de control | 32993 |
| 003 - IDENTIFICADOR DE NÚMERO DE CONTROL | |
| campo de control | FINmELB |
| 005 - FECHA Y HORA DE LA ÚLTIMA TRANSACCIÓN | |
| campo de control | 20241216220803.0 |
| 006 - CÓDIGOS DE INFORMACIÓN DE LONGITUD FIJA--CARACTERÍSTICAS DEL MATERIAL ADICIONAL | |
| campo de control de longitud fija | m o d | |
| 007 - CAMPO FIJO DE DESCRIPCIÓN FÍSICA--INFORMACIÓN GENERAL | |
| campo de control de longitud fija | cr cnu|||||||| |
| 008 - DATOS DE LONGITUD FIJA--INFORMACIÓN GENERAL | |
| campo de control de longitud fija | 191028s2018 sp o 000 0 spa d |
| 020 ## - NÚMERO INTERNACIONAL ESTÁNDAR DEL LIBRO | |
| Número Internacional Estándar del Libro | 9786071660923 |
| Información calificativa | (e-book) |
| 020 ## - NÚMERO INTERNACIONAL ESTÁNDAR DEL LIBRO | |
| ISBN cancelado o inválido | 9788437507897 |
| 035 ## - NÚMERO DE CONTROL DEL SISTEMA | |
| Número de control de sistema | (OCoLC)1129740604 |
| 040 ## - FUENTE DE CATALOGACIÓN | |
| Centro catalogador/agencia de origen | FINmELB |
| Lengua de catalogación | spa |
| Normas de descripción | rda |
| Centro/agencia transcriptor | FINmELB |
| 050 14 - SIGNATURA TOPOGRÁFICA DE LA BIBLIOTECA DEL CONGRESO | |
| Número de clasificación | PQ7519.D3 |
| Número de ítem | D224 2018 |
| 080 ## - NÚMERO DE LA CLASIFICACIÓN DECIMAL UNIVERSAL | |
| Número de la Clasificación Decimal Universal | 82-1 |
| 082 04 - NÚMERO DE LA CLASIFICACIÓN DECIMAL DEWEY | |
| Número de clasificación | 861 |
| Información de edición | 23 |
| 100 1# - ENTRADA PRINCIPAL--NOMBRE DE PERSONA | |
| Nombre de persona | Darío, Rubén, |
| Fechas asociadas al nombre | 1867-1916. |
| 245 10 - MENCIÓN DEL TÍTULO | |
| Título | "Yo soy aquel que ayer no más decía" : |
| Resto del título | libros poéticos completos / |
| Mención de responsabilidad, etc. | Rubén Darío ; Ricardo de la Fuente Ballesteros y Francisco Estévez (coords.) ; Ricardo de la Fuente Ballesteros [y otros 2]. (eds.) ; estudio preliminar de Alberto Acereda y Ricardo de la Fuente Ballesteros. |
| 250 ## - MENCION DE EDICION | |
| Mención de edición | Primera edición. |
| 264 #1 - PRODUCCIÓN, PUBLICACIÓN, DISTRIBUCIÓN, FABRICACIÓN Y COPYRIGHT | |
| Producción, publicación, distribución, fabricación y copyright | Madrid : |
| Nombre del de productor, editor, distribuidor, fabricante | Fondo de Cultura de Económica, |
| Fecha de producción, publicación, distribución, fabricación o copyright | 2018. |
| 300 ## - DESCRIPCIÓN FÍSICA | |
| Extensión | 1 recurso en línea (839 páginas) |
| 336 ## - TIPO DE CONTENIDO | |
| Término de tipo de contenido | texto |
| Código de tipo de contenido | txt |
| Fuente | rdamedia/spa |
| 337 ## - TIPO DE MEDIO | |
| Nombre/término del tipo de medio | computadora |
| Código del tipo de medio | c |
| Fuente | rdamedia/spa |
| 338 ## - TIPO DE SOPORTE | |
| Nombre/término del tipo de soporte | recurso en línea |
| Fuente | rdacarrier/spa |
| 490 1# - MENCIÓN DE SERIE | |
| Mención de serie | Tierra firme |
| 588 ## - NOTA DE FUENTE DE LA DESCRIPCIÓN | |
| Nota de fuente de la descripción | Descripción basada en metadatos suministrados por el editor y otras fuentes. |
| 590 ## - NOTA LOCAL (RLIN) | |
| Nota local | Recurso electrónico. Santa Fe, Arg.: elibro, 2019. Disponible vía World Wide Web. El acceso puede estar limitado para las bibliotecas afiliadas a elibro. |
| 600 10 - PUNTO DE ACCESO ADICIONAL DE MATERIA--NOMBRE DE PERSONA | |
| Nombre de persona | Darío, Rubén, |
| Fechas asociadas al nombre | 1867-1916 |
| Subdivisión general | Criticism and interpretation. |
| 600 14 - PUNTO DE ACCESO ADICIONAL DE MATERIA--NOMBRE DE PERSONA | |
| Nombre de persona | Darío, Rubén, |
| Fechas asociadas al nombre | 1867-1916 |
| Subdivisión general | Crítica e interpretación. |
| 655 #4 - TERMINO DE INDIZACIÓN--GENERO/FORMA | |
| Datos o término principal de género/forma | Libros electrónicos. |
| 700 1# - ENTRADA AGREGADA--NOMBRE PERSONAL | |
| Nombre de persona | Acereda, Alberto, |
| Fechas asociadas al nombre | 1965- |
| 700 1# - ENTRADA AGREGADA--NOMBRE PERSONAL | |
| Nombre de persona | Estévez, Francisc. |
| Títulos y otros términos asociados al nombre | (Estevez Regidor) |
| 700 1# - ENTRADA AGREGADA--NOMBRE PERSONAL | |
| Nombre de persona | Fuente, R. de l. |
| Títulos y otros términos asociados al nombre | (Ricardo) |
| 797 2# - PUNTO DE ACCESO ADICIONAL LOCAL--NOMBRE DE ENTIDAD CORPORATIVA (RLIN) | |
| Nombre de entidad corporativa o nombre de jurisdicción como elemento de entrada | elibro, Corp. |
| 830 #0 - PUNTO DE ACCESO ADICIONAL DE SERIE-TÍTULO UNIFORME | |
| Título uniforme | Tierra firme. |
| 856 40 - LOCALIZACIÓN Y ACCESO ELECTRÓNICOS | |
| Identificador Uniforme de Recurso | <a href="https://elibro.net/ereader/politecnicointernacional/107009">https://elibro.net/ereader/politecnicointernacional/107009</a> |
No hay ítems disponibles.